000 00668nam a2200229 a 4500
001 BRCA_6007
005 20190320205310.0
008 310311s1927----fr-a######---#000-0#fre-#
041 _afre
044 _afr
050 4 _aNK7139
_b.H37 1927
100 1 _aHarcourt, Raoul d’
_915173
245 1 0 _aL’argenterie peìruvienne aì l’epoque coloniale
_cRaoul d’ Harcourt.
260 _aParís
_bAlbert Morance
_c[1927]
300 _a34 p.
_bil. (algunas a color), 48 láminas
_c31 cm.
500 _aIncluye índice de ilustraciones
500 _aG116
504 _aBibliografía: p. 35
650 1 4 _aPlatería
_zPerú
_915174
902 _aGFM
942 _2lcc
_cB
999 _c5696
_d5696